000 00457nam a2200181Ia 4500
008 151202s9999||||xx |||||||||||||| ||und||
082 _bPNVM-8511
100 _aSINGH HARNAM.
245 _aPUNJAB THE HOMELAND OF THE SIKHS.
260 _b---
260 _c0
300 _a365
600 _aSINGH HARNAM.
630 _aPUNJAB THE HOMELAND OF THE SIKHS.
700 _aSINGH HARNAM.
730 _aPUNJAB THE HOMELAND OF THE SIKHS.
942 _cBOOK
999 _c1274500
_d1274497